000
00350nam a2200157Ia 4500
003
OSt
005
20240219094037.0
008
170524s9999 xx 000 0 und d
020
_a
978-0070435544
040
_c
IIMT UNIVERSITY
100
_a
BOWERSOX DONALD
100
_c
2010
245
0
_a
LOGISTICAL MANAGEMENT
260
_a
TMH
942
_2
ddc
_c
01
999
_c
2904
_d
2904